000 01300cam a22003617a 4500
003 CHAP
005 20220329141528.0
008 971013s1993 r 00010 d
010 _a69631
011 _a70603
035 _a80084
040 _cCHAP
090 _aTesis
100 0 0 _aCabrera Contreras, Ignacio.
_916656
245 0 _aEvaluación de la coloración de la yema del huevo, porxantofilas saponificadas y sin saponificar extraídas de la flor de cempasúchil (Tagetes erecta L.) en gallinas de postura
260 _aChapingo, Méx. :
_bEl autor,
_c1993
300 _a51 h.
_b; gráfs.
502 _aTesis (Ing. Agr. Esp. en Zootecnia) -- UACH. Departamento de Zootecnia
590 _aALEPH
_b10
_c20130110
_lUCH01
_h1408
590 _aBATCH-UPD
_b10
_c20130110
_lUCH01
_h1733
590 _aBATCH-UPD
_b10
_c20130410
_lUCH01
_h1114
590 _aBATCH-UPD
_b10
_c20130914
_lUCH01
_h0907
590 _aCONVERSION
_b10
_c20130109
_lUCH01
_h1338
650 1 4 _aCempazúchil.
_920947
650 1 4 _aHuevos
_xCalidad.
_956742
650 1 4 _aHuevos
_xProducción.
_956759
650 1 4 _aPigmentos vegetales.
_988057
650 1 4 _aYema de huevo.
_9123067
700 0 _aVega Martínez, María del Carmen.
_9118284
901 _aBK
942 _cTESIS
949 _bBC
_cTES
_d-32981
_eTS1
_h25386
_i80084
_si
999 _c69631
_d69631